000 00500nam a2200193 a 4500
001 1772446937473
003 YourLibrary
005 20260302155320.0
008 260302s2008##################000#0#eng##
020 _a9780415954778
082 0 4 _a327.101
_bWAL
100 1 _aWaltz, Kenneth Neal,
_eauthor.
245 1 0 _aRealism and International Politics :
260 _c2008.
300 _a361 pages
650 0 _aPolitical Science.
942 _cENGLISH
040 _aYourLibrary
_beng
_cYourLibrary
999 _c616432
_d616432